<?xml version="1.0" encoding="UTF-8"?>
<record
    xmlns:xsi="http://www.w3.org/2001/XMLSchema-instance"
    xsi:schemaLocation="http://www.loc.gov/MARC21/slim http://www.loc.gov/standards/marcxml/schema/MARC21slim.xsd"
    xmlns="http://www.loc.gov/MARC21/slim">

  <leader>02125nam a2200193 a 4500</leader>
  <controlfield tag="001">000047812</controlfield>
  <controlfield tag="003">OSt</controlfield>
  <controlfield tag="005">20201029103927.0</controlfield>
  <controlfield tag="008">180817s2010    dr ac         000 0 spa d</controlfield>
  <datafield tag="040" ind1=" " ind2=" ">
    <subfield code="a">DO-SdBNP</subfield>
    <subfield code="b">spa</subfield>
    <subfield code="c">BNPHU</subfield>
  </datafield>
  <datafield tag="082" ind1=" " ind2=" ">
    <subfield code="a">xxxx</subfield>
    <subfield code="b">xxxx</subfield>
  </datafield>
  <datafield tag="110" ind1="2" ind2=" ">
    <subfield code="a">Rep&#xFA;blica Dominicana.</subfield>
    <subfield code="b">Consejo Nacional sobre Discapacidad</subfield>
    <subfield code="9">75396</subfield>
  </datafield>
  <datafield tag="245" ind1="1" ind2="0">
    <subfield code="a">Memorias 2005-2010.</subfield>
  </datafield>
  <datafield tag="260" ind1=" " ind2=" ">
    <subfield code="a">Santo Domingo :</subfield>
    <subfield code="b">Consejo Nacional sobre Discapacidad CONADIS,</subfield>
    <subfield code="c">2010.</subfield>
  </datafield>
  <datafield tag="300" ind1=" " ind2=" ">
    <subfield code="a">83 p. :</subfield>
    <subfield code="b">il., retrs. ;</subfield>
    <subfield code="c">26 cm.</subfield>
  </datafield>
  <datafield tag="505" ind1="2" ind2=" ">
    <subfield code="a">Contexto y rese&#xF1;a institucional -- Situaci&#xF3;n de las personas con discapacidad a nivel mundial : la discapacidad en las Am&#xE9;ricas -- Caracterizaci&#xF3;n de la poblaci&#xF3;n con discapacidad en la Rep&#xFA;blica Dominicana : Historia de la creaci&#xF3;n del CONADIS -- Estructura y composici&#xF3;n del CONADIS -- Marco estrat&#xE9;gico -- Buscando nuestra identidad -- Organigrama institucional -- Avances y logros gesti&#xF3;n 2005-2010 -- Convenci&#xF3;n sobre los derechos de las personas con discapacidad en las Rep&#xFA;blica Dominicana --Convenci&#xF3;n Interamericana para la eliminaci&#xF3;n de todas las formas de discriminaci&#xF3;n contra las personas con discapacidad -- Plan de Acci&#xF3;n del Decenio de las Am&#xE9;ricas : por los derechos y la dignidad de las personas con discapacidad de la Rep&#xFA;blica Dominicana 2006-2016 -- Comisi&#xF3;n de exoneraciones -- Prevenci&#xF3;n y salud -- Diagnostico y valoraci&#xF3;n de discapacidad -- Protecci&#xF3;n social -- Accesibilidad universal -- Inserci&#xF3;n laboral -- Integraci&#xF3;n educativa, deportiva, cultural y social -- Legal -- Relaciones p&#xFA;blicas -- Publicaciones oficiales -- Acuerdos interinstitucionales --Fortalecimiento y desarrollo institucional -- Comisi&#xF3;n de &#xE9;tica -- Oficina de libre acceso a la informaci&#xF3;n -- Centro de documentaci&#xF3;n -- Cooperaci&#xF3;n t&#xE9;cnica y fortalecimiento a las organizaciones del sector de la discapacidad -- Participaci&#xF3;n interinstitucional -- Cooperaci&#xF3;n t&#xE9;cnica de instancias nacionales e internacionales -- Afiliaciones nacionales e internacionales -- Documento e investigaciones -- Gesti&#xF3;n financiera 2005-2010.</subfield>
  </datafield>
  <datafield tag="590" ind1=" " ind2=" ">
    <subfield code="a">Inventariado, 2018/LP</subfield>
  </datafield>
  <datafield tag="942" ind1=" " ind2=" ">
    <subfield code="2">ddc</subfield>
    <subfield code="c">LBS1</subfield>
  </datafield>
  <datafield tag="952" ind1=" " ind2=" ">
    <subfield code="0">0</subfield>
    <subfield code="1">0</subfield>
    <subfield code="2">ddc</subfield>
    <subfield code="7">1</subfield>
    <subfield code="8">PD</subfield>
    <subfield code="a">PD</subfield>
    <subfield code="b">PD</subfield>
    <subfield code="c">CT</subfield>
    <subfield code="d">2018-08-17</subfield>
    <subfield code="i">LF1</subfield>
    <subfield code="l">0</subfield>
    <subfield code="o">xxxx xxxx</subfield>
    <subfield code="p">47812-10</subfield>
    <subfield code="r">2020-06-25</subfield>
    <subfield code="w">2020-06-25</subfield>
    <subfield code="y">LFPD</subfield>
  </datafield>
  <datafield tag="952" ind1=" " ind2=" ">
    <subfield code="0">0</subfield>
    <subfield code="1">0</subfield>
    <subfield code="2">ddc</subfield>
    <subfield code="7">0</subfield>
    <subfield code="8">PD</subfield>
    <subfield code="a">PD</subfield>
    <subfield code="b">PD</subfield>
    <subfield code="c">CT</subfield>
    <subfield code="d">2018-12-13</subfield>
    <subfield code="i">LF1</subfield>
    <subfield code="l">0</subfield>
    <subfield code="o">xxxx xxxx</subfield>
    <subfield code="p">47812-20</subfield>
    <subfield code="r">2020-06-25</subfield>
    <subfield code="w">2020-06-25</subfield>
    <subfield code="y">LFPD</subfield>
  </datafield>
  <datafield tag="999" ind1=" " ind2=" ">
    <subfield code="c">47300</subfield>
    <subfield code="d">47300</subfield>
  </datafield>
</record>
